书目信息 |
| 题名: |
教师资格制度实施工作指导用书教育学考试大纲
|
|
| 作者: | ;教育部人事司 , 教育部考试中心制定 | |
| 分册: | ||
| 出版信息: | 上海 华东师范大学出版社 2002.03 |
|
| 页数: | 197页 | |
| 开本: | 20cm | |
| 丛书名: | ||
| 单 册: | ||
| 中图分类: | G40 | |
| 科图分类: | ||
| 主题词: | 教育学 | |
| 电子资源: | ||
| ISBN: | 7-5617-2852-2 | |
| 000 | 00800nam0 2200205 450 | |
| 001 | 0835220544 | |
| 005 | 20180416092228.28 | |
| 010 | @a7-5617-2852-2@dCNY10.00 | |
| 100 | @a20081028d2002 km y0chiy0120 ea | |
| 101 | 0 | @achi |
| 102 | @aCN@b310000 | |
| 200 | 1 | @a教师资格制度实施工作指导用书教育学考试大纲@Ajiao shi zi ge zhi du shi shi gong zuo zhi dao yong shu jiao yu xue kao shi da gang@f教育部人事司,教育部考试中心制定@Fjiao yu bu ren shi si,jiao yu bu kao shi zhong xin zhi ding |
| 210 | @a上海@c华东师范大学出版社@d2002.03 | |
| 215 | @a197页@d20cm | |
| 606 | 0 | @a教育学 |
| 690 | @aG40@v4 | |
| 711 | 02 | @a教育部人事司@Ajiao yu bu ren shi si |
| 711 | 02 | @a教育部考试中心制定@Ajiao yu bu kao shi zhong xin zhi ding |
| 801 | 0 | @aCN@b大连网信软件有限公司图书馆·11@c20081028 |
| 905 | @aZUCC@dG40@eJ688 | |
| 教师资格制度实施工作指导用书教育学考试大纲/教育部人事司,教育部考试中心制定.-上海:华东师范大学出版社,2002.03 |
| 197页;20cm |
| ISBN 7-5617-2852-2:CNY10.00 |
| ● |
| 相关链接 |
|
|
|
正题名:教师资格制度实施工作指导用书教育学考试大
索取号:G40/J688
 
预约/预借
| 序号 | 登录号 | 条形码 | 馆藏地/架位号 | 状态 | 备注 |
| 1 | 1309022 | 213090224 | 社科库409/409社科库 1排1列4层/ [索取号:G40/J688] | 在馆 | |
| 2 | 460229 | 204602297 | 社科库409/409社科库 1排1列4层/ [索取号:G40/J688] | 在馆 |